000 00699nam a2200241 i 4500
001 10765
003 ES-MaACL
005 20230906145944.0
007 t|
008 900403r19881976sp ||||0| spa j ..|
015 _a1990-MAR-5732
016 7 _zSAB9000077310
020 _a84-450-7016-9
040 _aM-BN-DP
_bspa
_cM-BN-DP
080 _a820-31"19"
100 1 _aBurgess, Anthony.
_932632
245 1 3 _aLa naranja mecánica /
_cAnthony Burgess ; [traducción de Aníbal Leal].
250 _a[1ª ed., 7ª reimp.].
260 _aBarcelona :
_bMinotauro,
_c1976 (
_g1992 imp)
300 _a165 p ;
_c21 cm.
700 1 _aLeal, Aníbal.
_970960
852 _aES-MaACL
_jL-18176
_bR.122925
999 _c10765
_d10765